000 00681nas a2200241 4500
001 BR8900903
003 BR-BrBNA
005 20231205091447.0
007 ta
008 230509b bl.|||p| |||| 00| 00por d
040 _aBR-BrBNA
_bpor
_cBiblioteca Nacional de Agricultura
041 _a(Pt)
072 _aQ02
100 1 _aFerreira, M. de F.A.
245 1 _aOvo em po, desidratado
650 _aOVO EM PO
650 _aLIOFILIZACAO
650 _aCONGELAMENTO
650 _aALIMENTO DESIDRATADO
773 0 _tAvicultura Industrial (Brazil)
_xISSN 0101-2258
_g(Jul 1988), v. 78(943) p. 26-28
_wBR8900903
909 _a202311
_bLúcia
_c55
_dLúcia Elande
942 _2AGRIS
_n0
_cANA
999 _c125238
_d125238